Az iskola-image

Elmentve itt :
Bibliográfiai részletek
Szerző: Kovács Sándor
Dokumentumtípus: Cikk
Megjelent: 1991
Sorozat:Magyar pedagógia : a Magyar Tudományos Akadémia Pedagógiai Bizottságának folyóirata 91 No. 3-4
Kulcsszavak:Oktatás menedzsment, Iskola-image
Online Access:http://misc.bibl.u-szeged.hu/13625
LEADER 00662nab a2200181 i 4500
001 misc13625
005 20191106141338.0
008 170607s1991 hu o 0|| hun d
022 |a 0025-0260 
040 |a SZTE Miscellanea Repozitórium  |b hun 
041 |a hun 
100 1 |a Kovács Sándor 
245 1 3 |a Az iskola-image  |h [elektronikus dokumentum] /  |c  Kovács Sándor 
260 |c 1991 
300 |a 187-193 
490 0 |a Magyar pedagógia : a Magyar Tudományos Akadémia Pedagógiai Bizottságának folyóirata  |v 91 No. 3-4 
695 |a Oktatás menedzsment, Iskola-image 
856 4 0 |u http://misc.bibl.u-szeged.hu/13625/1/mp_1991_003_004_6019_187-193.pdf  |z Dokumentum-elérés